000 00495nam a2200169 a 4500
001 000032686
005 20250203093855.0
008 110725s2012 dr 000 0 spa d
020 _a9789945164879
040 _aDO-SdBNP
_bspa
_cBNPHU
082 _axxxx
_bxxxx
100 1 _aMerejo, Andrés
_9469
245 1 0 _aHackers y la filosofía de la ciberpolítica /
_cAndrés Merejo.
260 _aSanto Domingo, :
_bBúho,
_c2012.
300 _a292 p. ;
_c22 cm.
504 _aBibliografías : p. 289-292
999 _c32177
_d32177